Normal view
MARC view
Entry Personal Name
001 - CONTROL NUMBER
- control field: 52110
003 - CONTROL NUMBER IDENTIFIER
- control field: ARRUPE
005 - DATE AND TIME OF LATEST TRANSACTION
- control field: 20221130090342.0
008 - FIXED-LENGTH DATA ELEMENTS
- fixed length control field: 221130|| aca||aabn | a|a d
040 ## - CATALOGING SOURCE
- Original cataloging agency: ARRUPE
- Transcribing agency: ARRUPE
100 ## - HEADING--PERSONAL NAME
- Personal name: Sider, Ronald J
670 ## - SOURCE DATA FOUND
- Source citation: Work cat.: (ARRUPE)131604: Sider, Ronald J., Rich Christians in an age of hunger :, c1997.